Konferencia ministrov v Kjóte
Druhá časť príspevku o priebehu 3. Svetového fóra o vode v Kjóte v Japonsku /1. časť - v čísle 6-7/. Čo sa riešilo na Konferencii ministrov a závery z rokovania.
Saved in:
| Main Author: | |
|---|---|
| Format: | Book Chapter |
| Language: | Slovak |
| Subjects: | |
| Tags: |
No Tags, Be the first to tag this record!
|
MARC
| LEADER | 00000naa$a2200000$$$4500 | ||
|---|---|---|---|
| 001 | 0018769 | ||
| 005 | 20231016102107.2 | ||
| 041 | 0 | |a slo | |
| 044 | |a SK | ||
| 245 | 1 | 0 | |a Konferencia ministrov v Kjóte |c Ján Lichý |
| 520 | |a Druhá časť príspevku o priebehu 3. Svetového fóra o vode v Kjóte v Japonsku /1. časť - v čísle 6-7/. Čo sa riešilo na Konferencii ministrov a závery z rokovania. | ||
| 610 | 2 | 0 | |a vodohospodárstvo |
| 610 | 2 | 0 | |a voda |
| 610 | 2 | 0 | |a zdroje vodné |
| 610 | 2 | 0 | |a konferencie |
| 610 | 2 | 0 | |a Kjóto |
| 610 | 2 | 0 | |a 2003 |
| 100 | 1 | |a Lichý, Ján | |